000 00724cam a2200265 4500
008 090401t1996 xxu||||| |||| 00| 0 eng d
020 _a0419221905
035 _a(Sirsi) u71270
041 _aeng
050 _a692.5
245 _aSpon`s architects` and builders` price book 1997.
250 _a122nd ed.
260 _aLondon
_bE & FN Spon
_c1996
300 _axxviii,906p. ; 24cm.
350 _a69.5
650 _aARCHITECTURE
650 _aBUILT ENVIRONMENT-BUILDING COSTS
650 _aBUILT ENVIRONMENT
650 _aLABOUR COSTS
650 _aBUILDING PRICE BOOKS
690 _aBUILT ENVIRONMENT-BUILDING COSTS
700 _aDavis Langdon and Everest,
_xEditor
942 _n0
948 _c04/03/1997
999 _c95399
_d95399